000 01120cam a2200349 a 4500
003 CO-BoRNBP
005 20230518152321.0
007 ta
008 040403s2004 ck r 00011dspa d
020 _a9588160650
040 _aCO-BoRNBP
_bspa
_erda
_cCO-BoRNBP
041 0 _aspa
043 _as-ck---
084 _aN PEÑF1
100 1 0 _aPeña Tovar, Luz
_d1961-
_92102
245 1 0 _aFrecuentar el fuego
_cLuz Peña Tovar ; edición Benjamín Villegas.
250 _a1a. ed.
264 _aBogotá
_bVillegas editores
_c2004
300 _a286 páginas
_c21 cm.
336 _atexto
_btxt
_2rdacontent
337 _asin mediación
_bn
_2rdamedia
338 _avolumen
_bnc
_2rdacarrier
490 _aVillegas novela
500 _aDonación Villegas Editores
650 1 4 _aNovela colombiana.
_2LEMB
_ySiglo XX
_9426
650 1 4 _aLiteratura colombiana
_ySiglo XX
_2LEMB
_9427
650 1 4 _aNovela historica colombiana
_2LEMB
_92105
650 1 4 _aNovela amorosa colombiana
_2LEMB
_92106
650 1 4 _aCampesinos en la literatura
_2LEMB
_92107
700 1 0 _aVillegas, Benjamín,
_d1948-
_eeditor
_9597
942 _cBKLIT
999 _c9567
_d9567